| 000 | 00351nam a2200145Ia 4500 | ||
|---|---|---|---|
| 008 | 150201s2006 xx 000 0 und d | ||
| 082 |
_a617.63 _bD2006H |
||
| 100 | _aHARING | ||
| 245 | _aDENTAL RADIOGRAPHY : PRINCIPLES & TECHNIQUES | ||
| 250 | _a3RD | ||
| 260 |
_bELSEVIER _aDELHI _c2006 |
||
| 300 | _a1-526 | ||
| 650 | _aRADIOLOGY | ||
| 942 |
_2ddc _cBK |
||
| 999 |
_c3794 _d3794 |
||